000 01021nam a2200193Ia 4500
003 Ost
005 20260507075631.0
008 260507s9999||||xx |||||||||||||| ||und||
040 _cfsecg
041 _aara
082 _a658.8
100 _aأبوقحف، عبد السلام
_eمؤلف
245 0 _aالتسويق :
_bوجهة نظر معاصرة /
_c عبد السلام أبوقحف
260 _aالقاهرة:
_bمطبعة الاشعاع,
_c2002
300 _a616 صفحة؛
_c23 سم
520 _aتجد في هذا الكتاب : التطوير والأهمية النسبية ، طبيعة النشاط التسويقي ، البيئة التسويقية ،دراسات سلوك المستهلك القطاعات السوقية إدارة النشاط التسويقي ، اتخاذ وتخطيط وتنظيم النشاط التسويق إرشادات عامة لرجل التسويق ، الموضوعات المعاصرة في التسويق
653 _aإدارة التسويق
942 _cكتاب
999 _c45211
_d45211